[Event "Chillan op"]
[Site "Chillan"]
[Date "2017.08.13"]
[Round "4.1"]
[White "Miranda Gatica, Claudio Adolfo"]
[Black "Zegpi Delgado, Diabb Luis"]
[Result "1-0"]
[WhiteElo "1731"]
[BlackElo "1638"]
[PlyCount "89"]
[EventDate "2017.08.12"]
[EventType "swiss"]
[EventRounds "6"]
[EventCountry "CHI"]
[SourceTitle "EXT 2024"]
[Source "ChessBase"]
[SourceDate "2023.10.10"]
[SourceVersion "1"]
[SourceVersionDate "2023.10.10"]
[SourceQuality "1"]

1. e4 g6 2. f4 d5 3. exd5 Nf6 4. Nf3 Nxd5 5. d4 Bh6 6. g3 0-0 7. Bg2 Bf5 8. 0-0 c6 9. c4 Nb4 10. Na3 Nd7 11. Ne5 f6 12. Qb3 fxe5 13. Qxb4 exd4 14. Qxb7 Nc5 15. Qxc6 Rc8 16. Qd5+ e6 17. Qxd8 Rfxd8 18. b4 Na4 19. Bd2 Bg7 20. c5 d3 21. Rae1 Bc3 22. Nb1 Bd4+ 23. Kh1 Bg4 24. Bb7 Rc7 25. Bf3 Bh3 26. Bg2 Bg4 27. h3 Be2 28. Bf3 Bxf1 29. Rxf1 Nxc5 30. bxc5 Rxc5 31. Re1 Bb2 32. Rxe6 Bc1 33. Bb4 Rb5 34. a3 d2 35. Nc3 Rd3 36. Be2 Rxb4 37. Bxd3 Rb3 38. Rxg6+ Kf8 39. Rg8+ Ke7 40. Nd5+ Kf7 41. Bc2 Rb5 42. Rd8 Rc5 43. Bd1 Bxa3 44. Rd7+ Ke6 45. Bg4# 1-0

[Event "Chillan op"]
[Site "Chillan"]
[Date "2017.08.13"]
[Round "5.3"]
[White "Zegpi Delgado, Diabb Luis"]
[Black "Aviles Aviles, Pablo Javier"]
[Result "1/2-1/2"]
[WhiteElo "1638"]
[BlackElo "2071"]
[PlyCount "101"]
[EventDate "2017.08.12"]
[EventType "swiss"]
[EventRounds "6"]
[EventCountry "CHI"]
[SourceTitle "EXT 2024"]
[Source "ChessBase"]
[SourceDate "2023.10.10"]
[SourceVersion "1"]
[SourceVersionDate "2023.10.10"]
[SourceQuality "1"]

1. e4 c5 2. Nf3 e6 3. d3 d6 4. g3 Nf6 5. Bg2 Be7 6. 0-0 0-0 7. Re1 e5 8. Bg5 Nc6 9. c3 h6 10. Bxf6 Bxf6 11. Nbd2 Be6 12. Nf1 g6 13. Ne3 Bg7 14. Qe2 Qe8 15. Nd5 Rc8 16. Nd2 Bxd5 17. exd5 Nb8 18. Nc4 Qd8 19. a4 Qc7 20. h4 f5 21. h5 g5 22. g4 fxg4 23. Qxg4 Rce8 24. Be4 Rf4 25. Qg2 Ref8 26. Re2 Qd7 27. f3 Na6 28. Ne3 Nc7 29. Nc4 Ne8 30. Qh1 Nf6 31. Rf1 b6 32. b3 Rh4 33. Rh2 Rf4 34. Nd2 Qf7 35. c4 g4 36. Bg6 Qd7 37. fxg4 Nxg4 38. Rxf4 exf4 39. Re2 Bd4+ 40. Kf1 Ne5 41. Nf3 Qg4 42. Be4 Kh8 43. Rg2 Qd7 44. Qh4 Nxf3 45. Bxf3 Qf5 46. Be4 Qf6 47. Qxf6+ Rxf6 48. Ke2 Be5 49. Kf3 a6 50. Rg1 a5 51. Rg2 1/2-1/2

[Event "Chillan op"]
[Site "Chillan"]
[Date "2017.08.13"]
[Round "6.5"]
[White "Zegpi Delgado, Diabb Luis"]
[Black "Contreras Suazo, Ricardo Ignacio"]
[Result "1/2-1/2"]
[WhiteElo "1638"]
[BlackElo "1671"]
[PlyCount "58"]
[EventDate "2017.08.12"]
[EventType "swiss"]
[EventRounds "6"]
[EventCountry "CHI"]
[SourceTitle "EXT 2024"]
[Source "ChessBase"]
[SourceDate "2023.10.10"]
[SourceVersion "1"]
[SourceVersionDate "2023.10.10"]
[SourceQuality "1"]

1. e4 c5 2. Nc3 e6 3. f4 a6 4. Nf3 Qc7 5. g3 b5 6. Bg2 Bb7 7. d3 d5 8. exd5 exd5 9. d4 Nf6 10. 0-0 Be7 11. Kh1 0-0 12. dxc5 Bxc5 13. Ne2 Nc6 14. c3 Rad8 15. Ned4 Ne4 16. Be3 Bb6 17. Rc1 Rfe8 18. Bg1 f6 19. a4 Nxd4 20. Bxd4 bxa4 21. Qxa4 Nc5 22. Bxc5 Qxc5 23. Rfe1 Bc6 24. Qxa6 Bb5 25. Qa2 Qf2 26. Rxe8+ Bxe8 27. Rf1 Qc5 28. Nd4 Bf7 29. Re1 Qc4 1/2-1/2